000 00276nam a22000977a 4500
999 _c11779
_d11779
008 200215b ||||| |||| 00| 0 eng d
020 _a9780590468961
100 _aViorst Judith
_97463
245 _aAlexander, Who Used to be Rich Last Sunday
260 _aNew York
_bScholastic
_c1993